[Event "Foros AeroSvit"]
[Site "?"]
[Date "2007.06.18"]
[Round "1"]
[White "GM Svidler"]
[Black "GM Eljanov"]
[Result "1/2-1/2"]
[WhiteElo "2736"]
[BlackElo "2686"]
[Annotator "Ëåáåäåâ Âàñèëèé"]
[PlyCount "45"]

{Ñêó÷íîâàòîé âûäàëàñü ïåðâàÿ ïàðòèÿ ýëî-ôàâîðèòà.} 1. d4 Nf6 2. c4 e6 3. Nf3
b6 4. g3 Ba6 5. Qb3 {Íå ñàìîå ðàñïðîñòðàí¸ííîå ïðîäîëæåíèå.} Nc6 6. Nbd2 Na5 7.
Qc3 c5 8. dxc5 bxc5 9. e4 Bb7 10. e5 Ne4 11. Nxe4 {Âñå èãðàþò çäåñü òàê,} ({
à Àëåêñàíäð Ìîðîçåâè÷ (åäèíñòâåííûé!) - ïî-ñâîåìó:} 11. Qe3 Nxd2 12. Bxd2 Nc6
13. Bg2 Nd4 14. O-O Bxf3 15. Bxf3 Rb8 16. Rab1 Qc7 17. Bc3 Qxe5 18. Bxd4 Qxd4
19. Qa3 {, è â îñëîæíåíèÿõ âñ¸, â êîíöå êîíöîâ, çàâåðøèëîñü ìèðîì:} Qxc4 20.
Qxa7 Rd8 21. a4 Qb4 22. Rfd1 Be7 23. Rxd7 Rxd7 24. Bc6 O-O ({
âèäèìî, áîëüøåãî ìîãëè äîñòè÷ü ÷¸ðíûå ïîñëå} 24... Qd4 $1) 25. Qxd7 Bf6 26.
b3 h5 27. Qd3 Rb8 28. Bb5 Rd8 29. Qf3 h4 30. Bc4 Qd2 31. Kg2 Rd4 32. Rf1 Rd8
33. Qe3 Qa5 34. Qf3 Qd2 {
(1/2 Morozevich,A (2741)-Aronian,L (2744)/Monte Carlo MNC 2007).}) 11... Bxe4
12. Bg2 Nc6 13. O-O Rb8 14. Re1 ({Íè÷åãî íå äàëà è ïîïûòêà} 14. Ng5 Bxg2 15.
Kxg2 Qc7 16. Re1 Be7 17. Nf3 Qb7 18. Kg1 O-O 19. b3 d6 $1 {
, è ÷¸ðíûå äàæå ïåðåõâàòèëè èíèöèàòèâó, õîòÿ è òóò ïîëó÷èëàñü íè÷üÿ:} 20.
Bb2 dxe5 21. Nxe5 Nd4 22. Qd3 Rfd8 23. Qe4 Bf6 24. Qxb7 Rxb7 25. Bxd4 Rxd4 26.
Re2 Rb6 27. Rae1 g5 28. Kg2 Rbd6 29. f4 gxf4 30. Nf3 Rd3 31. gxf4 Kg7 32. Re3
Rxe3 {(1/2 Van Wely,L (2679) - Gelfand,B (2696)/Monte Carlo 2005).}) 14... Bxf3
15. Qxf3 Nd4 16. Qe4 Be7 17. Rb1 a5 18. Be3 Qc7 19. Bxd4 cxd4 20. Qxd4 Bc5 21.
Qd3 O-O 22. b3 Rfd8 23. Rbd1 {Ñïîñîáà, êàê ïðîáèâàòü ýòó ÷åðíîïîëüíóþ
êðåïîñòü, Ï¸òð íå íàø¸ë è ñîãëàñèëñÿ íà íè÷üþ.} 1/2-1/2

[Event "Foros AeroSvit"]
[Site "?"]
[Date "2007.06.18"]
[Round "1"]
[White "GM Karjakin, Sergey(UKR)"]
[Black "GM Ivanchuk, Vassily(UKR)"]
[Result "1/2-1/2"]
[WhiteElo "2686"]
[BlackElo "2729"]
[Annotator "Ëåáåäåâ Âàñèëèé"]
[PlyCount "45"]

{Ïîðàäîâàëè çðèòåëåé  íåáîëüøèì ôåéåðâåðêîì  äâà óêðàèíñêèõ øàõìàòèñòà. È
îïÿòü - ïðî äåáþò ãîâîðèòü íè÷åãî íå áóäó: «äðàêîí» ïîòîìó ÷òî. Òàì
ñòîëüêî õèòðîñòåé, òîíêîñòåé, è âîïðîñîâ: «à ïî÷åìó òàê, à íå  èíà÷å» ÷òî
õâàòèò  íå íà îäíó ìîíîãðàôèþ.} 1. e4 c5 2. Nf3 Nc6 3. d4 cxd4 4. Nxd4 g6 5.
Nc3 Bg7 6. Be3 Nf6 7. Bc4 O-O 8. Bb3 d6 9. f3 Bd7 10. Qd2 Rc8 11. O-O-O Ne5 12.
Kb1 Re8 13. Bh6 Bxh6 14. Qxh6 Rxc3 $1 {Îáÿçàòåëüíî è, âäîáàâîê, åù¸ è êðàñèâî.}
15. bxc3 a5 {Âàñèëèé Ìèõàéëîâè÷ âðåìåíè çðÿ íå òåðÿåò!} ({
Áåçóñëîâíî, äóøó Ñåðãåÿ ãðåëî âîñïîìèíàíèå î ñëåäóþùåé ïàðòèè} 15... Qc7 16.
h4 Qxc3 17. h5 Nc4 18. Qc1 {
, è, âöåïèâøèñü â ìàòåðèàë, áåëûå, â êîíöå êîíöîâ, ïîáåäèëè:} Rc8 19. hxg6 fxg6
20. Ne2 Qb4 21. Nf4 a5 22. Nd3 Qb6 23. e5 dxe5 24. Nxe5 Be6 25. Nxc4 Bxc4 26.
Qb2 Qc5 27. Bxc4+ Qxc4 28. Qb3 a4 29. Qxc4+ Rxc4 30. Rhe1 Kf7 31. a3 Rc5 32.
Rd4 b5 33. Kb2 Nd5 34. Re5 e6 35. g4 Kf6 36. Rde4 Rc6 37. g5+ Kf7 38. Rh4 Kg7
39. Re1 Kg8 40. Rhe4 Kf7 41. Rc1 Rc3 42. Rh1 Rxf3 43. Rxh7+ Kg8 44. Rb7 b4 45.
Rxe6 bxa3+ 46. Ka2 Nc3+ 47. Kxa3 Ne4+ 48. Kb4 Nxg5 49. Rxg6+ Kf8 50. Rxg5 {
(1-0 Karjakin,S (2460) - Zeliakov,N/Dubai 2002).}) 16. a4 Qb6 17. h4 $146 {
Íîâèíêà, ôîðñèðîâàííî ïðèâîäÿùàÿ ê íè÷üåé. À ìîæåò, ýòî ñàì âàðèàíò òàêîé?
Óðàâíîâåøèâàþùèé?} Bxa4 18. h5 Nc6 19. hxg6 Bxb3 {
Ñëîíà áåëûõ íàäî ïðè ïåðâîé æå âîçìîæíîñòè ïðèõëîïíóòü.} (19... Nxd4 $4 20.
gxf7+) 20. gxh7+ ({
Äîëãîå âðåìÿ ìíå êàçàëîñü, ÷òî êàêèå-òî øàíñû ñîõðàíÿþò áåëûå ïîñëå} 20. Nxb3
{îñîáåííî, êîãäà ïîÿâëÿëèñü òàêèå âîò âàðèàíòû:} a4 $2 21. Rxd6 $3 exd6 (21...
axb3 22. Rxf6 $1 $18) 22. gxh7+ Nxh7 23. Qxh7+ Kf8 24. e5 $3 {, è áåëûå ïîñëå}
Nxe5 25. Qh6+ Ke7 26. Qh4+ {îñòàþòñÿ ñ ëèøíåé ïåøêîé -} Kd7 27. Qxa4+ {è ò.ä.}
) ({Ñèëüíåå (ïîñëå} 20. Nxb3 {)} fxg6 $1 {
, íî, êàê ìíå êàæåòñÿ, èìåííî òóò è çàâÿçûâàåòñÿ êàêàÿ-òî áîðüáà:} 21. g4 Ne5
$1 (21... a4 22. g5 $18) 22. g5 Nf7 ({ïîñëå} 22... Nh5 $5 {
âñ¸ áûñòðî è ôîðñèðîâàííî ïðèõîäèò ê íè÷üåé ïîñðåäñòâîì âå÷íîãî øàõà:} 23.
Rxh5 $1 gxh5 24. f4 Nf7 25. Qxh5 a4 26. Rh1 axb3 27. Qxh7+ Kf8 28. g6 bxc2+ 29.
Kxc2 Qf2+ 30. Kb3 Qb6+ {è ò.ä.}) 23. Qh4 Nh5 24. e5 $3 Nxe5 (24... dxe5 25. Qa4
Ra8 26. Rd5 {è ò.ä.}) 25. f4 Nc4 26. f5 Qc6 27. Nd4 Qa4 ({ìîæíî ïîâòîðèòüñÿ -} 
27... Qb6+ 28. Nb3 Qc6) 28. Qe4 e5 29. Qd5+ Kh8 30. Nb3 {
, è âðÿä ëè ó ÷¸ðíûõ åñòü ÷òî-ëèáî ëó÷øåå, íåæåëè} Na3+ ({íî íå} 30... Ne3
$2 31. Qf7 Nxf5 (31... Nxd1 32. fxg6 $18) 32. Rxh5 $1) 31. Kb2 Nc4+ 32. Kb1 {
. âñ¸ ýòî, êîíå÷íî, òðåáóåò òùàòåëüíîé ïðîâåðêè.}) 20... Kh8 21. cxb3 {
Êàê ìíå ïðåäñòàâëÿåòñÿ, - âñ¸ ýòî äåìîíñòðàöèÿ ñâîèõ äîìàøíèõ àíàëèçîâ.} ({
Îòìåòèì, ÷òî íåóäà÷íî} 21. Nxb3 $2 a4 22. Rxd6 axb3 23. Rxf6 Ra8 $1 $19)
21... Nxd4 22. cxd4 Qxb3+ 23. Ka1 ({Êîíå÷íî, íå} 23. Kc1 $4 {
, ïîñëå ÷åãî ñàìî, ëó÷øåå -} Ng4 $3 24. fxg4 Rc8+ 25. Kd2 Rc2+ 26. Ke1 Qg3+
27. Kf1 Qf2#) ({È ÷¸ðíûå äîëæíû ñìèðèòüñÿ: ïëîõî (ïîñëå} 23. Ka1 {)} Rc8 {
èç-çà} 24. Rd2 Qa3+ 25. Kb1 Qb3+ 26. Rb2 Qd3+ 27. Ka2 Qc4+ 28. Ka1 Qa4+ 29. Kb1
Qxd4 30. Rc1) 1/2-1/2

[Event "Foros AeroSvit"]
[Site "?"]
[Date "2007.06.18"]
[Round "1"]
[White "GM Dominguez Perez"]
[Black "GM van Wely"]
[Result "1-0"]
[WhiteElo "2678"]
[BlackElo "2674"]
[Annotator "Ëåáåäåâ Âàñèëèé"]
[PlyCount "63"]

{Êàê ãîâîðèòñÿ, «âñ¸ íåéì¸òñÿ» Ëþêó âàí Âåëè. âñ¸ îí Íàéäîðôà èãðàåò è èãðàåò.
Íî âñå ìû ïðåêðàñíî ïîíèìàåì, ÷òî â ýòîì âàðèàíòå áåëûìè ìîãóò âûèãðûâàòü íå
òîëüêî Âèøâàíàòàí Àíàíä äà Âåñåëèí Òîïàëîâ. Îäíà íåòî÷íîñòü ÷¸ðíûõ, è ïèøè
ïðîïàëî/\} 1. e4 c5 2. Nf3 d6 3. d4 cxd4 4. Nxd4 Nf6 5. Nc3 a6 6. Be3 e5 7. Nb3
Be6 8. f3 Be7 9. Qd2 O-O 10. O-O-O Nbd7 11. g4 b5 12. Rg1 b4 ({
Âîò êàêàÿ ïîñëåäíÿÿ ïàðòèÿ áûëà ñûãðàíà â ýòîì ðàçâåòâëåíèè:} 12... Nb6 13. Na5
Qc7 14. g5 Nfd7 15. Nd5 Bxd5 16. exd5 Nxd5 17. Qxd5 Qxa5 18. Bd3 Qc7 {
È âñ¸ áûñòðî çàêîí÷èëîñü:} 19. g6 $1 Nf6 $4 ({òîëüêî} 19... hxg6 {
ïîçâîëÿëî ñîïðîòèâëÿòüñÿ}) 20. gxf7+ Kh8 21. Rxg7 $1 Kxg7 22. Rg1+ Kh8 23. Bh6
$1 Ng4 24. Rxg4 Rxf7 25. Qxa8+ {
(1-0 Anand,V (2779) - Van Wely,L (2683)/Monte Carlo MNC 2007).}) 13. Nd5 Bxd5
14. exd5 a5 15. g5 {Áåëûå óñïåâàþò «òêíóòü» ïåðâûìè.} Nh5 16. Kb1 {
Îñâîáîæäàÿ ìåñòî äëÿ êîíÿ.} a4 (16... f6 $5) ({
Àëåêñàíäð Ìîðîçåâ÷è òðàêòîâàë ýòó ïîçèöèþ ïî äðóãîìó:} 16... Rb8 17. h4 f5
18. Qe2 a4 19. Nd2 Qc7 20. Qc4 Rfc8 21. Qxc7 Rxc7 {, ïîñëå ÷åãî «ïåðåêàòàë»
ñâîåãî ñîïåðíèêà â ãëóáîêîì ýíäøïèëå. È îáðàòèòå âíèìàíèå, êòî áûë åãî
ñîïåðíèê! -} 22. Nc4 Ra8 23. b3 g6 24. Rg2 f4 25. Bf2 Ng7 26. Rh2 Nf5 27. Bh3
Ra6 28. h5 Bf8 29. Rdh1 Bg7 30. Bf1 Ng3 31. Bxg3 fxg3 32. Rg2 Nc5 33. Nd2 Ra8
34. h6 Bf8 35. Bc4 axb3 36. cxb3 Be7 37. Rxg3 Rca7 38. a4 bxa3 39. Ka2 Rf8 40.
Rh4 Rf5 41. Rhg4 Kf8 42. b4 Na4 43. Kxa3 Nc3+ 44. Kb3 Nd1 45. Rg1 Ne3 46. Re4
Rxg5 47. Re1 Nf5 48. b5 Rg2 49. Kc3 Bd8 50. Nb3 Nxh6 51. f4 Nf7 52. R1e2 Rg3+
53. Kb4 Bb6 54. fxe5 Nxe5 55. Rxe5 dxe5 56. Rxe5 Re7 57. Rxe7 Kxe7 58. Nc5 Rg1
59. Ne4 Rb1+ 60. Kc3 Bc7 61. Kd4 Re1 62. Bd3 h5 63. Kc5 h4 64. b6 Rc1+ 65. Kb5
Bb8 66. d6+ Bxd6 67. Nxd6 Kxd6 68. Bxg6 h3 {
(0-1 Anand,V (2792) - Morozevich,A (2721)/Monte Carlo 2006).}) 17. Nc1 Qa5 18.
Nd3 Rfb8 19. Rg4 $146 {Íîâèíêà, êðàñèâûé õîä. Áåëûå äåëàþò òåëîäâèæåíèå íà
êîðîëåâñêîì ôëàíãå, à ó ÷¸ðíûõ òðåùèò ôëàíã ôåðçåâûé.} (19. Nf2 Nb6 20. Ne4
Kh8 21. Ng3 Nf4 22. Bxf4 exf4 23. Nf5 Bf8 24. h4 Re8 25. Bd3 Nxd5 26. Be4 Nc3+
27. bxc3 bxc3 28. Qc1 d5 29. Rxd5 Qb6+ 30. Ka1 Ba3 {
0-1 Altrock,R (2085)-Elfert,A (2365)/Dresden 2002/EXT 2003}) 19... Nf4 {
Íå ëó÷øàÿ ðåàêöèÿ (ÈÌÕÎ), íî åñòü ó ìåíÿ ïîäîçðåíèå, ÷òî è âåñü âàðèàíò ýòîò
êàêîé-òî «ãíèëîâàòûé».} ({Ëþáîïûòíûå îñëîæíåíèÿ âîçíèêàþò ïîñëå} 19... f5
$5 20. Rc4 $1 ({ìîæåò, ñëåäóåò ïðèçíàòü «çàñëóæèâàþùèì âíèìàíèÿ» è} 20. Rxb4
Qxd5 21. Rxb8+ Rxb8 22. Nb4 Qxd2 23. Bxd2 Kf8 24. Bc4 $14) 20... f4 (20... Qxd5
21. Nxb4) 21. Bf2 Bxg5 22. Bh3 {, è åñëè} Qxd5 ({íî ëó÷øå} 22... Nhf6 $1 23.
Be6+ Kh8 {è íàïðèìåð ïëîõî} 24. Nxb4 {èç-çà} e4 {ñ äèêèìè îñëîæíåíèÿìè}) 23.
Nxe5 $1 Qxe5 24. Bxd7 a3 25. Rxb4 Rxb4 26. Qxb4 Rd8 27. Re1 Qxb2+ 28. Qxb2 axb2
29. Bg4 $1 Nf6 30. Be6+ Kf8 31. h4 $16) 20. Nxf4 exf4 21. Bxf4 g6 {
Ãîòîâÿ ïåðåâîä ñëîíà íà áîëüøóþ ÷¸ðíóþ äèàãîíàëü.} ({
Ìîæåò áûòü, ëó÷øèì øàíñîì áûë ïåðåõîä â ÷èñòî êîíêðåòíûé «ðàçíîöâåò» -} 
21... Ne5 $5 22. Bxe5 dxe5) 22. Bg3 Bf8 23. Rc4 Nc5 24. Bf2 Bg7 {
×¸ðíûå èñïîëíèëè ñâîþ çàäóìêó, íî...} 25. Bxc5 $1 {
... áåëûå íå îáðàùàþò íà ýòî íè ìàëåéøåãî âíèìàíèÿ!} dxc5 26. d6 a3 27. b3 Bd4
{Ýòî ïåðåêðûòèå ëèíèé óæå íè÷åãî íå ïåðåêðûâàåò.} 28. d7 Rd8 29. Bh3 Ra6 {
Çà÷åì-òî ñíèìàÿ êîíòðîëü ñ 8-é ãîðèçîíòàëè...} ({Íî ñîçäà¸òñÿ âïå÷àòëåíèå,
÷òî ïîçèöèÿ ÷¸ðíûõ óæå áûëà ïðîèãðàííîé, è áåëûå, â ëþáîì ñëó÷àå, èçûñêàëè
áû  ñïîñîá ïðîòîëêíóòü ñâîþ ïðîõîäíóþ â ôåðçè. Íàïðèìåð, ó ìåíÿ
íàôàíòàçèðîâàëñÿ ñëåäóþùèé âàðèàíò:} 29... Qb6 30. Re1 Bc3 (30... f5 31. gxf6
Qxf6 32. Qe2 Ba1 33. Qe6+) 31. Rxc3 bxc3 32. Qd5 c4 33. Qxc4 Qf2 34. Qxc3 Qh4
35. f4 Qxf4 36. Qg3 Qxg3 37. hxg3 {È áåëûå ïåøêè ñìåòàþò âñ¸ íà ñâî¸ì ïóòè:}
Kf8 38. Re5 $1 h6 39. c4 hxg5 40. c5 f6 41. c6 $3) ({
Ê òîìó æå ïîêà íå ïðîõîäèò ïîïûòêà îòäàòü êà÷åñòâî çà ïåøêó d7 -} 29... Qb5
30. Qf4 Rxd7 31. Bxd7 Qxd7 {èç-çà} 32. Rxc5 $1) 30. Re1 f5 {
Çà÷åì-òî ðàñêðûâàÿ ñîáñòâåííîãî êîðîëÿ....} ({
Íàâåðíîå, ñëåäîâàëî íàñòóïèòü íà ãîðëî ñîáñòâåííîé ïåñíå è âåðíóòüñÿ:} 30...
Raa8) 31. Rxd4 $1 cxd4 32. Qxd4 ({Óãðîç ó áåëûõ ñëèøêîì ìíîãî, ÷òîáû ÷¸ðíûå
ñìîãëè èõ îòðàçèòü, íî, ìîæåò áûòü, âñ¸ æå ñòîèëî «ïîïðîñèòü» áåëûõ
ïðîäåìîíñòðèðîâàòü âàðèàíò íàïîäîáèå ñëåäóþùåãî:} 32. Qxd4 Qb6 (32... Qb5 33.
Re7) 33. Re8+ Kf7 34. Qd5+ Qe6 35. Rxe6 Rxe6 36. Bf1 Ke7 37. Qc5+ {è íåëüçÿ}
Kxd7 38. Bb5+) ({×óòü òî÷íåå âñ¸ æå} 32. Qe2 $1) 1-0

[Event "Foros AeroSvit"]
[Site "?"]
[Date "2007.06.18"]
[Round "1"]
[White "GM Shirov, Alexei(ESP)"]
[Black "GM Rublevsky, Sergei(RUS)"]
[Result "1-0"]
[WhiteElo "2699"]
[BlackElo "2680"]
[Annotator "Ëåáåäåâ Âàñèëèé"]
[PlyCount "94"]

{Çíàòíîå çðåëèùå âûäàëè íà ãîðÀ íåäàâíèå ïðåòåíäåíòû.} 1. d4 d5 2. c4 c6 {
Ñåðãåé Ðóáëåâñêèé òåïåðü ñòàë áî-îëüøèì çíàòîêîì «ñëàâÿíêè».} 3. Nc3 Nf6 4.
Nf3 dxc4 5. a4 Bf5 6. Ne5 e6 7. g3 Bb4 8. Bg2 Be4 9. f3 Bg6 10. O-O c5 11. Na2
Ba5 12. dxc5 Qd5 13. Qxd5 exd5 14. Nc3 $146 {
Âîò è íîâèíêà. Áåëûå íà÷èíàþò äàâèòü íà öåíòðàëüíûå ïåøêè ïðîòèâíèêà} ({
Â äàâíåé ïàðòèè-ïðåäøåñòâåííèöå áåëûå èãðàëè ïî-äðóãîìó:} 14. Nxg6 hxg6 15. Rb1
Nbd7 16. Be3 Rc8 17. b4 {, íî, â êîíöå êîíöîâ, äîáèëèñü íåìíîãîãî:} cxb3 18.
Nc1 b2 19. Nb3 Bc3 20. Rfd1 Ne5 21. Bd4 Bxd4+ 22. Rxd4 b6 23. Rxb2 Nc4 24. Rb1
bxc5 25. Nxc5 O-O 26. Nd3 Na3 27. Rb7 Nc2 28. Rf4 Rfe8 29. Bh3 Rc3 30. Kf2 g5
31. Rf5 g4 32. Bxg4 Ne3 33. Rxf6 Nxg4+ 34. fxg4 gxf6 35. Rxa7 Ra3 36. Nf4 Ra2
37. a5 Re4 38. Ra8+ Kh7 39. Rd8 Rxa5 40. Nxd5 Rxd5 41. Rxd5 Rxg4 42. Kf3 Ra4
43. g4 Kg6 44. h4 Ra1 45. h5+ Kg7 46. Rf5 Rg1 47. e3 Rf1+ 48. Ke4 Rg1 49. Rf4
Rg3 {(1/2 Sokolov,I (2645) - Bareev,E (2675)/Leon 1995).}) 14... Nc6 (14... d4
$2 15. Nb5) 15. f4 Bxc3 {Âûãëÿäèò ëîãè÷íûì - îäíèì íàïàäàþùèì íà öåíòð ÷¸
ðíûõ ñòàíîâèòñÿ ìåíüøå íà äîñêå.} 16. bxc3 Be4 17. Bh3 $1 {Âîò çäåñü, áûòü
ìîæåò, ÷¸ðíûå è ïîæàëåëè, ÷òî íå ñäåëàëè äëèííóþ ðîêèðîâêó...} O-O 18. a5 a6
{Ñòðàííîå äåëî, ïîñëå íîâèíêè è áåëûå è ÷¸ðíûå äåëàëè âïîëíå ïîíÿòíûå õîäû,
îäíàêî ñìîòðèòå, ÷òî â èòîãå ïîëó÷èëîñü.} 19. Be3 Rfe8 20. Bd4 Re7 ({Ïîñëå} 
20... Nxd4 $5 21. cxd4 {
ïåøêà íà b7 ñòàíîâèëîñü âå÷íîé ãîëîâíîé áîëüþ ÷¸ðíûõ....}) 21. Ra2 {
Íîðìàëüíûå ãåðîè âñåãäà èäóò â îáõîä - íà ëèíèþ «b». ×¸ðíûå, ðàçóìååòñÿ, å¸
ñòðåìÿòñÿ ïåðåêðûòü.} Na7 22. Rb2 Nb5 23. Ra1 Ne8 ({
Rybka ïîíà÷àëó ðüÿíî ðàòóåò çà} 23... Nxd4 24. cxd4 c3 {Êàê æå, êàê æå -
ïåøêó âïåð¸ä äâèãàåì, ïî ïóòè íàïàäàÿ íà ëàäüþ. Íî ñìîòðèì äàëüøå:} 25. Rb6 c2
26. Rc1 {
, è ÷¸ðíóþ «âûäâèæåíêó» ñêîðî îêðóæàò òåïëîòîé, âíèìàíèåì è çàáîòîé.}) 24.
Rxb5 $1 {Øèðîâ åñòü Øèðîâ! Îãîíü íà äîñêå!} axb5 25. c6 $1 f5 ({Ïîñëå} 25...
bxc6 26. Nxc6 (26. Bd7 f6 27. Bc5 Rxd7 28. Nxd7 Bf5 29. Nb6 Ra6) 26... Rc7 27.
Nb4 f5 28. a6 {÷¸ðíûå, ÿñíîå äåëî, ïîâÿçàíû ïî ðóêàì è íîãàì. Íà òàêîå íè
îäèí øàõìàòèñò íå ïîéä¸ò - ñèäåòü áåç êîíòðèãðû, è æäàòü, ÷òî ñîïåðíèê íàéä¸ò
êàêîé-íèáóäü õèòðûé ïëàí óñèëåíèÿ ïîçèöèè. Íå ïî-÷åëîâå÷åñêè ýòî áóäåò. À
âîò Rybka óòâåðæäàåò, ÷òî òóò ðàâåíñòâî!}) 26. g4 $6 {Â ïàðòèÿõ ëþäåé, äàæå
ñóïåðãðîññìåéñòåðîâ, âñåãäà åñòü ìåñòî îøèáêàì. Âîò, ïî-ìîåìó, îäíà èç íèõ.} ({
Ïðèìåðíî òî æå, ÷òî è â ïðåäûäóùåì ïðèìå÷àíèè ïîëó÷àëîñü â ñëó÷àå} 26. cxb7
Rxb7 27. a6 Re7 28. a7 Nc7 29. Nc6 Re6 30. Nb4 {è ò.ä.}) 26... Ra6 $6 {
×¸ðíûå îòâå÷àþò òåì æå. Îõ, íå ê äîáðó îíè áëîêàäó çàòåÿëè.} ({
Ñåé÷àñ áûëî ñàìîå âðåìÿ óáðàòü ñ äîñêè áåëóþ íàõàëêó -} 26... bxc6 $1 27.
gxf5 ({ñîâñåì ïëîõî} 27. Nxc6 Re6 28. Ne5 Rh6 29. Bg2 Rha6) (27. Bc5 Re6 28. a6
Rh6) 27... Ra6 $1 28. Bb6 Rb7 29. Rd1 c5 $1 {
, è ÷¸ðíûå ëàäüè âûðûâàþòñÿ íà ñâîáîäó.}) 27. Bc5 Rc7 28. cxb7 ({
Íè÷åãî íå äîáèâàþòñÿ áåëûå ïîñëå} 28. Bb6 bxc6 29. Bxc7 Nxc7 30. gxf5 c5 $1)
28... Rxb7 29. gxf5 {Áåëûå âûèãðàëè ê ñâîåìó «áåç êà÷åñòâà» îäíó ïåøå÷êó...
} Nf6 30. Kf2 {Êðèòè÷åñêàÿ ïîçèöèÿ. Íåñìîòðÿ íà âåñü ïðåäûäóùèé áåëûé
«êðåàòèâ», ïîëîæåíèå, ïî-ìîåìó, îñòàâàëîñü åù¸ ïðèìåðíî ðàâíûì} d4 $6 {
×¸ðíûå â íåòåðïåíèè âñêðûâàþò ïîçèöèþ, íî ñîïåðíèê  îêàçûâàþòñÿ ãîòîâûì ê
ýòîìó ãîðàçäî ëó÷øå...} ({Ñëåäîâàëî ïðîäîëæàòü} 30... Rc7 $1 31. Bb6 Rb7 32.
Bc5 Rc7 33. Bd4 {, è «ñþðïëÿñèòü» äàëüøå}) 31. Bxd4 b4 32. cxb4 Rxb4 33. e3
{, è áåëîïîëüíûé ñëîí íàêîíåö-òî âõîäèò â èãðó.} Rb1 (33... Bd3 34. Nxd3 cxd3
35. Bf1 Ne4+ (35... Rb3 36. Rd1 Rxa5 37. Bxd3) 36. Kg1 Rb3 37. Rd1 $16) 34.
Rxb1 Bxb1 35. Nxc4 {
Óæå òðè ïåøêè çà êà÷åñòâî... Íî è öåéòíîò ïîäêðàëñÿ, êàê âñåãäà, íåçàìåòíî.}
Bd3 {Èíà÷å ïåøêó à5 íå âûèãðàòü.} 36. Ne5 ({Ñëàáåå} 36. Bf1 Ng4+ 37. Ke1 Bxf1
38. Kxf1 Nxh2+ 39. Kg2 Ng4 40. e4 $14 {è ò.ä.}) 36... Bb5 37. Bb6 {×òîáû âûçâî
ëèòü ëàäüþ, ÷¸ðíûå èäóò íà îò÷àÿííûå ìåðû, óäàëÿÿ âñå ôèãóðû îò ñâîåãî
êîðîëÿ. À áåëûå òîëüêî òîãî è æäàëè!} (37. Bg2 $6) 37... Nd5 38. f6 $1 Nxb6 (
38... gxf6 39. Be6+) ({èëè} 38... Nxf6 39. Bg2 {, âûëàâëèâàÿ ëàäüþ}) 39. Be6+
({Ïðèâëåêàòåëüíûì âûãëÿäåëî è} 39. f7+ Kf8 40. axb6 Rxb6 41. Bd7 {
, íî áåëûå èçáèðàþò  ñàìîå íàä¸æíîå.}) 39... Kf8 (39... Kh8 $4 40. f7 Ra8 41.
axb6 $16) 40. fxg7+ Kxg7 41. axb6 Rxb6 42. Bd5 Ba4 43. e4 {
Âîò îíè (ïåøêè) è äâèíóëèñü âïåð¸ä...} Bb3 44. Bc6 Be6 45. f5 Bc8 46. Kg3 Bb7
47. Bxb7 Rxb7 {Íå âûèãðàòü ýòó ïîçèöèþ áåëûå ìîãóò ëèøü ñëó÷àéíî -
ïðåòåíäåíò íå ñòàë ïðîâåðÿòü òåõíèêó ïðåòåíäåíòà. ×¸ðíûå ñäàëèñü.} 1-0

[Event "Foros AeroSvit"]
[Site "?"]
[Date "2007.06.18"]
[Round "1"]
[White "GM Sasikiran, Krishnan"]
[Black "GM Onischuk, Alexander"]
[Result "1-0"]
[WhiteElo "2690"]
[BlackElo "2663"]
[Annotator "Ëåáåäåâ Âàñèëèé"]
[PlyCount "69"]

{Íåóãîìîííûå êîïàòåëè íîâîèíäèqñêîé çàùèòû íàêîïàëè î÷åðåäíîå óñèëåíèå çà
áåëûõ.} 1. d4 Nf6 2. c4 e6 3. Nf3 b6 4. g3 Ba6 5. b3 Bb4+ 6. Bd2 Be7 7. Bg2 c6
8. Bc3 d5 9. Ne5 Nfd7 10. Nxd7 Nxd7 11. Nd2 O-O 12. O-O Rb8 13. Bb2 Nf6 14. e4
c5 15. exd5 exd5 16. dxc5 $146 {Â äàííîé êîíêðåòíîé ïîçèöèè ýòî ïðîäîëæåíèå åù¸
íå âñòðå÷àëîñü, íî ñàìà èäåÿ, â ïðèíöèïå, èçâåñòíàÿ.} ({
Îñíîâûâàÿñü íà ñâîèõ äâóõ ïàðòèÿõ áåëûìè  â ýòîì âàðèàíòå, âûèãðàííîé:} 16. Re1
cxd4 ({è íè÷åéíîé} 16... dxc4 17. Nxc4 Bxc4 18. bxc4 cxd4 19. Qxd4 Bb4 20.
Red1 {1/2 Onischuk,A (2640) - Aronian,L (2724)/Beersheba 2005}) 17. cxd5 Bb7
18. Bxd4 Nxd5 19. Be5 Bd6 20. Bxd6 Qxd6 21. Ne4 {, è áåëûå ñâî¸ ñîâñåì óæ
êðîõîòíîå ïðåèìóùåñòâî, ñâîþ «ïðèÿòíîñòü» â ïîçèöèè, âñ¸-òàêè îáðàòèëè â
ïîëíîâåñíóþ åäèíè÷êó.} Qg6 22. Qd4 h6 23. Rad1 Rfe8 24. Nd2 Red8 25. Nc4 Kh7
26. Qh4 Ba8 27. Ne5 Qf6 28. Qxf6 gxf6 29. Nxf7 Rd7 30. Rd4 Rf8 31. Red1 Rfxf7
32. Bxd5 Bxd5 33. Rxd5 Rxd5 34. Rxd5 Rc7 35. g4 Kg6 36. h4 a5 37. a4 Rc3 38.
Rb5 h5 39. g5 Rc6 40. Kg2 fxg5 41. Rxg5+ Kh6 42. Rb5 Rg6+ 43. Kf3 Rf6+ 44. Ke3
Re6+ 45. Kf4 Rf6+ 46. Rf5 Rc6 47. Ke4 Kg6 48. Rg5+ Kh6 49. f4 Rc3 50. Rb5 Rc6
51. Kf5 Rg6 52. Ke5 Kg7 53. Ke4 Kh6 54. Rg5 Re6+ 55. Re5 Rg6 56. Rb5 Rc6 57. f5
Rd6 58. Re5 Rd1 59. Re6+ Kg7 60. Kf4 Rd4+ 61. Re4 Rd3 62. Re3 Rd4+ 63. Kg5 Rb4
64. Rc3 Kf7 65. Rc7+ Ke8 66. Rc3 Kf7 67. f6 Ke6 68. Rc6+ Kd7 69. Rc4 Rxb3 70.
Re4 b5 71. axb5 Rxb5+ 72. Kg6 Rb1 73. f7 Rf1 74. Re8 {(1-0 Onischuk,A (2663)
-Ivanov,A (2565)/Stillwater USA 2007). Òàê âîò, îñíîâûâàÿñü íà îïûòå ýòèõ äâóõ
ïàðòèé, ÷¸ðíûå ðåøèëè ðèñêíóòü è ñûãðàòü ýòîò âàðèàíò ÷¸ðíûìè...}) 16... dxc4
({Íàâåðíîå, â äàëüíåéøåì íàì ñòîèò æäàòü ïðîäîëæåíèÿ òåîðåòè÷åñêîé äèñêóññèè
â ýòîì ðàçâåòâëåíèè íà ëèíèè} 16... bxc5 17. cxd5 Bxf1 18. Nxf1 Nd7 19. Ne3 Bf6
{è ò.ä.}) 17. c6 c3 ({Ðàññìîòðèì è} 17... cxb3 {è äàëåå} 18. Qc1 $1 (18. Re1 $5
) 18... Rc8 $1 ({íå îòâëåêàÿñü îò ãëàâíîé çàäà÷è - áîðüáû ñ ïåøêîé íà ñ6; õóæå
} 18... Bc5 19. Re1 {, è äàëåå, íàïðèìåð,} bxa2 ({èëè} 19... Rc8 20. Nxb3 Bb4
21. Rd1 Qe7 22. Nd4 $1 $16) 20. Rxa2 Bb5 21. Nb3 Rc8 22. Nxc5 bxc5 23. Qxc5 Qb6
24. Rc1 $18) 19. Nc4 ({ñëàáåå} 19. Rd1 Be2 20. Re1 Qd3) 19... Bxc4 (19... Bb5
20. Rd1 Qe8 21. Nd6) 20. Qxc4 bxa2 21. Rxa2 a5 22. Be5 $16) 18. Bxc3 Bxf1 19.
Qxf1 {Ïðîõîäíàÿ, äàëåêî ïðîäâèíóòàÿ  ïåøêà + äâà ñëîíà - âïîëíå ïðèëè÷íàÿ
êîìïåíñàöèÿ.} b5 {
Îòáèðàÿ ïîëå ñ4 ó áåëîãî êîíÿ. Íî îí ñêà÷åò  â äðóãóþ ñòîðîíó.} ({
Ïîïûòêà âûäâèíóòüñÿ â öåíòð} 19... Nd5 {áûëà áû æåñòîêî ïîäàâëåíà:} 20. Be5 Rc8
(20... Bd6 21. Bb2 Be7 22. Nc4 $16) 21. Rd1 $1 Rxc6 22. Nb1 $1 Rc5 23. b4 $1)
20. Ne4 Nxe4 ({Ìîæåò, ñòîèëî óìåíüøèòü êîëè÷åñòâî ôèãóð íà äîñêå} 20... Qc7 $5
{, ñîáëàçíÿÿ áåëûõ íà} 21. Nxf6+ Bxf6 22. Bxf6 gxf6 23. Qd3 $14 {
, è ÷¸ðíûå íåìíîãî îæèâàþò?}) 21. Bxe4 Qc8 {
Íå ïóñêàÿ áåëîãî ôåðçÿ íà h3. Îäíàêî òîò íàõîäèò äðóãîé ïóòü.} ({À âîò, ÷òî
ïîëó÷àëîñü, åñëè ñèëüíåéøàÿ ôèãóðà áåëûõ âñ¸-òàêè ïîÿâëÿëàñü íà  h3 -} 21...
Qb6 22. Qh3 f5 (22... g6 23. Qh6 f6 24. Re1 $1 Qc7 25. Bxg6 $1) 23. Bxf5 h6 24.
Qg4 Bf6 25. Rc1 $1 Bxc3 (25... Qxc6 26. Bd2) 26. Rxc3 Qc7 27. Qg6 Rf6 28. Qh7+
Kf7 29. Be4 Rd8 30. Bf3 $1 Qe5 31. c7 $3 {Çàíàâåñ!}) 22. Qd3 Kh8 ({Èëè} 22...
g6 23. Qd4) ({À åñëè} 22... h6 {, òî} 23. Bd5 {
, ãðîçÿ çàêèíóòü ôåðçÿ íà g6 ñ íåìåäëåííûì ðàçãðîìîì.}) 23. Rc1 ({Îáìåí} 23.
Bxh7 $2 Qxc6 {ÿâíî íåðàâíîöåíåí.}) 23... f5 {
Õîäèò ñîãëàñíî êîäåêñà íàäî, âîò ÷¸ðíûå è ñõîäèëè...} 24. Bf3 Rd8 25. Qe3 {
Äâîéíîé óäàð÷èê!} Qc7 26. Qe5 $1 Bd6 (26... Qxe5 27. Bxe5 Rbc8 28. c7 Re8 29.
Bb7 $18 {È áîëåå ñëîæíûõ âàðèàíòîâ óæå íå áóäåò.}) 27. Qxf5 Rf8 28. Qg4 Be5 29.
Bd2 (29. Bb4 $5) 29... a5 {Ïî óæå îçâó÷åííîé ïðè÷èíå: «õîäèòü-òî íàäî...»}
({Åñëè} 29... Qf7 {, òî} 30. Kg2 Rbd8 31. Be3 {ñ ïîäàâëÿþùåé ïîçèöèåé.}) 30.
Be3 a4 31. Be4 axb3 32. axb3 Rf6 (32... g6 33. Rc5 {,  è ôèíàë íåäàëå÷å.}) 33.
Rc5 h6 34. Rd5 Rd8 35. Qh5 ({È ââèäó ñîâñåì óæ ýëåìåíòàðíîãî} 35. Qh5 Bd6 ({èëè
} 35... Rxd5 36. Qe8+) 36. Bg5 {
÷¸ðíûå ñäàëèñü. Âîò òàê íîâèíêà! Âîò òàê ðåàëèçàöèÿ!}) 1-0